000 00485nam a2200145 i 4500
001 33910
003 ES-MaACL
007 t|
008 030203s1984 sp ||||1| spa d
100 1 _aBlasco, Arcadio.
_929363
245 1 0 _aPalacio de Cristal, Madrid, Abril-Mayo 1984
_b: la cerámica /
_cArcadio Blasco.
260 _a[Madrid] :
_bDirección General de Bellas Artes y Archivos,
_c[1984]
300 _a139 p. :
_bprincipalmente il. ;
_c25 cm.
852 _aES-MaACL
_jL-8499
_bR.106374
999 _c33910
_d33910